| Tag |
First Indicator |
Second Indicator |
Subfields |
| LEADER |
00000cam a2200000 4500 |
| 001 |
in00000698658 |
| 005 |
20151016053511.0 |
| 008 |
800710m19239999ilua 00010 eng |
| 010 |
|
|
|a 23010171
|
| 035 |
|
|
|a (OCoLC)06505057
|
| 035 |
|
|
|9 ADC0920AM
|
| 040 |
|
|
|a DLC
|c TXA
|d UtOrBLW
|
| 049 |
|
|
|a TXAM
|d [
|v = Bk.]
|v 7 [58410]
|
| 050 |
|
0 |
|a PE1117
|b .E4
|
| 092 |
|
|
|a 808.8
|b E49c
|
| 100 |
1 |
|
|a Elson, William H.
|q (William Harris),
|d 1856-1935.
|
| 245 |
1 |
0 |
|a Child-library readers ... /
|c by William H. Elson ... and Mary H. Burris ...
|
| 264 |
|
1 |
|a Chicago,
|a Atlanta [etc.] :
|b Scott, Foresman and company,
|c [1923]-
|
| 264 |
|
4 |
|c [©1923]
|
| 300 |
|
|
|a volumes :
|b illustrations ;
|c 19 cm.
|
| 336 |
|
|
|a text
|b txt
|2 rdacontent
|
| 337 |
|
|
|a unmediated
|b n
|2 rdamedia
|
| 338 |
|
|
|a volume
|b nc
|2 rdacarrier
|
| 490 |
0 |
|
|a The Elson extension series
|
| 650 |
|
0 |
|a Readers.
|
| 700 |
1 |
|
|a Burris, Mary H.
|
| 999 |
|
|
|a MARS
|
| 999 |
f |
f |
|s 65a8ee8b-6f67-3fcb-912a-fdd91702e7da
|i d5b34be0-3202-389f-a2cf-4652c992945b
|t 0
|
| 952 |
f |
f |
|p ric
|a Texas A&M University
|b Rellis Campus
|c Joint Library Facility
|d Remote Storage
|t 0
|e PE1117 .E4
|h Library of Congress classification
|i unmediated -- volume
|k bk.7
|m A14801202084
|
| 998 |
f |
f |
|a PE1117 .E4
|s Bk.7
|t 0
|l Remote Storage
|